000 00299nam a22001337a 4500
008 171027b xxu||||| |||| 00| 0 eng d
020 _a0133161900
041 _aeng
080 _a336
100 _a56
101 _aFIN
245 _aFINANCIAL MARKET RATES AND FLOWS
_cHORNE,J.C
942 _2udc
_cBK
999 _c36178
_d36178